Is Enterprise Risk Management a Value Added Activity?

Spojenie medzi riadením podnikových rizík (ERM - Enterprise risk management) a súborom základných determinantov hodnoty S&P 500 nefinančných spoločností (Standard & Poor's 500) v období od roku 2003 do roku 2012. Testované modely majú prieskumnú povahu, je potrebný ďalší teoretický a empirický výsku...

Descrizione completa

Salvato in:
Dettagli Bibliografici
Autore principale: Marc, Mojca
Altri autori: Sprčić, Danijela Miloš, Žagar, Marina Mešin
Natura: Capitolo di libro
Lingua:inglese
Soggetti:
Tags: Aggiungi Tag
Nessun Tag, puoi essere il primo ad aggiungerne!!

MARC

LEADER 00000naa a2200000 4500
001 0242777
005 20220719115515.3
041 0 |a eng 
044 |a CZ 
245 1 0 |a Is Enterprise Risk Management a Value Added Activity?  |c Mojca Marc, Danijela Miloš Sprčić, Marina Mešin Žagar 
520 |a Spojenie medzi riadením podnikových rizík (ERM - Enterprise risk management) a súborom základných determinantov hodnoty S&P 500 nefinančných spoločností (Standard & Poor's 500) v období od roku 2003 do roku 2012. Testované modely majú prieskumnú povahu, je potrebný ďalší teoretický a empirický výskum. 
610 2 0 |a organizácie nefinančné 
610 2 0 |a risk management 
610 2 0 |a riziko 
610 2 0 |a hodnota pridaná ekonomická 
610 2 0 |a plánovanie finančné 
100 1 |a Marc, Mojca 
700 1 |a Sprčić, Danijela Miloš 
700 1 |a Žagar, Marina Mešin